| 000 | 00566nam a2200181 a 4500 | ||
|---|---|---|---|
| 005 | 20230318063613.0 | ||
| 008 | 991125s1997 mx 000 0 spa u | ||
| 020 | _a9684963343 | ||
| 035 | _aUPN01000041991 | ||
| 049 | _aCG | ||
| 050 | 4 |
_aGF41 _bN8.4 |
|
| 245 | 0 | 0 |
_aNueve estudios sobre el espacio : _brepresentación y formas de apropiación / _ccoord. Odile Hoffmann y Fernando I. Salmerón Castro |
| 260 |
_aMéxico : _bCIESAS : _bORSTOM, _c1997. |
||
| 300 |
_a192 p. : _btabls. |
||
| 650 | 4 | _aGEOFRFIA HUMANA | |
| 650 | 2 |
_aGrupos sociales _97125 |
|
| 905 | _aLibro | ||
| 999 |
_c41991 _d41991 |
||